Gender justice, development, and rights /

Saved in:
Bibliographic Details
Corporate Author: United Nations Research Institute for Social Development.
Other Authors: Molyneux, Maxine., Razavi, Shahrashoub.
Format: Book
Language:English
Published: Oxford ; New York : Oxford University Press, 2002.
Series:Oxford studies in democratization.
Subjects:
Tags: Add Tag
No Tags, Be the first to tag this record!
LEADER 01511nam a2200373 a 4500
001 009019471-3
005 20031204154259.0
008 020709s2002 enk b 101 0 eng
010 |a  2002027769 
020 |a 0199256446 
020 |z 0199256456 (pbk.) 
035 0 |a ocm50192161 
040 |a DLC  |c DLC 
042 |a pcc 
050 0 0 |a HQ1236  |b .G4615 2002 
082 0 0 |a 305.42  |2 21 
245 0 0 |a Gender justice, development, and rights /  |c edited by Maxine Molyneux and Shahra Razavi. 
260 |a Oxford ;  |a New York :  |b Oxford University Press,  |c 2002. 
300 |a xii, 492 p. ;  |c 25 cm. 
490 1 |a Oxford studies in democratization 
500 |a Papers presented at an UNRISD workshop held in New York on June 3, 2000 to coincide with the General Assembly Special Session for the Beijing+5 review. 
504 |a Includes bibliographical references and index. 
650 0 |a Women's rights  |x Cross-cultural studies  |v Congresses. 
650 0 |a Women's rights  |z Developing countries  |v Congresses. 
650 0 |a Women  |z Developing countries  |x Social conditions  |v Congresses. 
650 0 |a Women  |z Developing countries  |x Economic conditions  |v Congresses. 
651 0 |a Developing countries  |x Social policy  |v Congresses. 
650 0 |a Social justice  |z Developing countries  |v Congresses. 
700 1 |a Molyneux, Maxine. 
700 1 |a Razavi, Shahrashoub. 
710 2 |a United Nations Research Institute for Social Development. 
830 0 |a Oxford studies in democratization. 
988 |a 20030115 
906 |0 DLC